Statistics for 35 Smallest Countries in the World by Area

Click here to take the quiz!

General Stats

  • This quiz has been taken 125 times
    (123 since last reset)
  • The average score is 26 of 35

Answer Stats

AreaCountry% Correct
0Vatican City
97%
2Monaco
93%
61San Marino
91%
468Andorra
90%
160Liechtenstein
88%
26Tuvalu
85%
2,586Luxembourg
84%
710Singapore
84%
21Nauru
83%
316Malta
80%
747Tonga
80%
181Marshall Islands
79%
459Palau
78%
261Saint Kitts and Nevis
78%
616Saint Lucia
78%
389Saint Vincent and the Grenadines
78%
2,040Mauritius
77%
2,842Samoa
77%
452Seychelles
77%
765Bahrain
76%
702F. S. Micronesia
76%
811Kiribati
76%
5,765Brunei
75%
751Dominica
75%
300Maldives
75%
430Barbados
74%
344Grenada
74%
964Sao Tome and Principe
73%
5,130Trinidad and Tobago
72%
1,862Comoros
69%
442Antigua and Barbuda
67%
9,251Cyprus
63%
10,689Gambia
42%
10,452Lebanon
42%
4,033Cabo Verde
20%

Score Distribution

Percentile by Number Answered

Percent of People with Each Score

Your Score History

You have not taken this quiz since the last reset